| 000 | 00448nam a2200157Ia 4500 | ||
|---|---|---|---|
| 003 | GCL | ||
| 008 | 140319s9999 xx 000 0 eng d | ||
| 040 |
_aGCL / _cGCL |
||
| 082 | 0 | 4 |
_a781 _bS M |
| 100 | 1 | _aSCHENKER, HEINRICH | |
| 245 | 1 | 0 |
_aTHE MASTER WORK IN MUSIC: A YEARBOOK VOLUM (1925) HEINRICH SCHENKER / _cSCHENKER, HEINRICH |
| 260 |
_a[S.N] : _bCAMBRIDGE ، _c1994 |
||
| 650 | 0 | 4 | _aMUSIC |
| 650 | 0 | 4 | _aSCHENKERIAN ANALYSIS |
| 942 |
_2ddc _cBK |
||
| 999 |
_c12063 _d12063 |
||